| 000 | 00405nam a2200133Ia 4500 | ||
|---|---|---|---|
| 008 | 231129s9999||||xx |||||||||||||| ||spa|| | ||
| 020 | _a84-7634-533-X | ||
| 040 | _bspa | ||
| 082 | _a658.5 B929a (EN PROCESO DE DESCARTE) Vols. 1 y 2 | ||
| 100 | _aBuffa Elwood S. | ||
| 245 | 0 | _aAdministracion de produccion | |
| 264 | _aBarcelona (EspaƱa) : Orbis | ||
| 942 |
_2ddc _cBKS |
||
| 999 |
_c4558 _d4558 |
||